| 000 | 00413nam a2200181Ia 4500 | ||
|---|---|---|---|
| 003 | OSt | ||
| 005 | 20251118163034.0 | ||
| 008 | 250729s1900 xx 000 0 und d | ||
| 040 | _cAL | ||
| 041 | _aeng | ||
| 082 | _a823 HERA | ||
| 100 |
_aHerriot James _9224542 |
||
| 245 | _aAll things bright & beautiful | ||
| 260 | _aLondon & Sydney | ||
| 300 | _a501p | ||
| 650 |
_aFiction _9224543 |
||
| 942 |
_2ddc _cBED |
||
| 999 |
_c236462 _d236462 |
||